000 00386nam a2200145 i 4500
001 31303
003 ES-MaACL
007 t|
008 030128s1922 fr ||||1| fre d
100 1 _aBeaunier, André.
_926834
245 1 0 _aContes á Poyché /
_cAndré Beaunier.
260 _aParáis :
_b[s.n.,
_c1922] (
_fE. Flamuarion)
300 _a284 p. ;
_c19 cm.
852 _aES-MaACL
_jG-4597
999 _c31303
_d31303